000
00258nam a2200109Ia 4500
008
220204s9999 xx 000 0 und d
082
_a
82-3MB
_b
LEI
100
_a
Leigh
245
0
_a
Man without a heart
260
_a
London
_b
Mills and Boon
_c
1977
942
_c
BK
999
_c
33170
_d
33170